| 000 | 00607nam a2200193 i 4500 | ||
|---|---|---|---|
| 001 | 62330 | ||
| 003 | ES-MaACL | ||
| 007 | t| | ||
| 008 | 031120e1908 pl ||||1| pol d | ||
| 080 | _a821.162.1 | ||
| 100 | 1 |
_aFeldman, Wilhelm, _d1868–1919 _949149 |
|
| 245 | 1 | 0 |
_aWspolczema literatura polska, wydanie piate / _cWilhelm Feldman. |
| 260 |
_aLwow : _bNakladem H. Altenberga, _c1908. |
||
| 300 |
_a704 páginas, 1 lámina ; _c23 cm. |
||
| 650 | 7 |
_9136430 _aLiteratura polaca |
|
| 852 |
_aES-MaACL _cDEPO2 _hDonativo Peiper _jG-1699 |
||
| 942 |
_2udc _cMONOGRAFIA _n0 |
||
| 999 |
_c62330 _d62330 |
||